Alle Ballon D`or Gewinner (Männlich) - Statistiken

Allgemein
  • Dieses Quiz wurde 143 mal gespielt
  • Das Durchschnittsergebnis liegt bei 13 aus 44
Antwortstatistiken
Hint Antwort % Korrekt
8 Messi
100%
5 Ronaldo
99%
1 Modric
85%
2 Beckenbauer
65%
1 Benzema
63%
1 Ronaldinho
63%
1 Matthäus
62%
1 Kaka
61%
1 Zidane
53%
1 Sammer
49%
1 Cannavaro
47%
1 Müller
43%
3 van Basten
38%
1 Rivaldo
34%
1 Gullit
32%
1 Figo
30%
1 Owen
28%
1 Nedved
27%
1 Yashin
27%
1 Shevchenko
26%
3 Platini
25%
2 Rummenigge
23%
1 Eusebio
22%
2 Di Stefano
21%
1 Weah
18%
1 Baggio
17%
1 Best
17%
1 Charlton
13%
1 Suarez
10%
2 Keegan
8%
3 Cryuff
7%
1 Rossi
6%
1 Papin
5%
1 Blochin
4%
1 Kopa
4%
1 Law
4%
1 Matthews
4%
1 Simonsen
4%
1 Albert
3%
1 Belanov
3%
1 Stoihkov
2%
1 Rivera
1%
1 Sivori
1%
1 Masopust
0%
Keine übereinstimmenden Quizze gefunden
Verteilung der Resultate
Anzahl Personen mit jedem Resultat
Perzentil nach korrekt beantworteten Fragen
Ihre Resultats-Entwicklung
Sie haben dieses Quiz noch nicht gespielt